罗杰·艾克洛命案 (Record no. 66405)

000 -LEADER
fixed length control field 00606nam a22002057a 4500
003 - CONTROL NUMBER IDENTIFIER
control field MPLRDC
005 - DATE AND TIME OF LATEST TRANSACTION
control field 20220104195907.0
008 - FIXED-LENGTH DATA ELEMENTS--GENERAL INFORMATION
fixed length control field 210129b ||||| |||| 00| 0 eng d
020 ## - INTERNATIONAL STANDARD BOOK NUMBER
International Standard Book Number 978-957-32-6674-7
082 ## - DEWEY DECIMAL CLASSIFICATION NUMBER
Classification number 857.62 CHR-11 v.5
100 ## - MAIN ENTRY--PERSONAL NAME
Personal name 阿嘉莎·克莉丝蒂 AGATHA CHRISTIE
245 ## - TITLE STATEMENT
Title 罗杰·艾克洛命案
Statement of responsibility, etc. 张江云 译
250 ## - EDITION STATEMENT
Edition statement 二版一刷
260 ## - PUBLICATION, DISTRIBUTION, ETC.
Place of publication, distribution, etc. 台湾
Name of publisher, distributor, etc. 远流出版事业股份有限公司
Date of publication, distribution, etc. 2010
300 ## - PHYSICAL DESCRIPTION
Other physical details
490 ## - SERIES STATEMENT
Series statement 克莉丝蒂120 诞辰纪念版: 5
520 ## - SUMMARY, ETC.
Summary, etc. 上架 2016-12-01。
650 ## - SUBJECT ADDED ENTRY--TOPICAL TERM
Topical term or geographic name entry element 推理小说
942 ## - ADDED ENTRY ELEMENTS (KOHA)
Koha item type Book
-- 857.62 CHR-11 v.5
Holdings
Withdrawn status Lost status Source of classification or shelving scheme Damaged status Not for loan Collection code Home library Current library Shelving location Date acquired Cost, normal purchase price Total Checkouts Total Renewals Full call number Barcode Date last seen Date last checked out Price effective from Koha item type Public note
            Malaysian Public Library, Research and Development Centre Malaysian Public Library, Research and Development Centre   26/06/2016 43.80 2 2 857.62 CHR-11 v.5 00060142 06/11/2025 29/08/2025 18/03/2021 Book mplrdc

© 2022. Malaysian Public Library, Research and Development Centre. All Right ReservedE-mailmplrdc@help.edu.my 

Powered by Koha